000 01495cam a2200289 4500
001 ##L131814
008 051209n2005 000 0 eng u
020 _a1903208998
035 _a(Sirsi) u131814
041 0 _aeng
050 0 4 _a306.3 $2 18
100 1 _aWilcox, Steve
245 0 0 _aUK Housing review 2005/2006
250 _a14th ed.
260 _aCoventry
_bCIH
_c2005
300 _a231p.
_c21cm.
350 _a40
520 _aBrings together a compendium of over 200 charts and tables of the latest available housing statistics for England and its regions, Wales, Scotland and Northern Ireland covering housing, the economy and public expenditure, dwellings, stock condition and households, private housing, housing expenditure plans, housing needs, homelessness and lettings and help with housing costs. Provides a detailed commentary on the above housing themes and four essays written by experts on contemporary issues: "The end of council housing - a premature obituary" by John Perry; "Social landlords get tough? - investigating recent eviction trends in England" by Hal Pawso; "More apparent than real?: the decline of bricks and mortar subsidies" by Steve Wilcox; "Making planning pay?" by Sarah Monk
590 _aIKA030106
690 _aResidential property
_96266
700 1 _aPawson, Hal
700 1 _aPerry, John
700 1 _aMonk, Sarah
710 2 _aCouncil of Mortgage Lenders
_95903
710 2 _aChartered Institute of Housing
_92394
942 _n0
999 _c104849
_d104849